Causative agents of Hevea brown bast and witches broom and their relationship (Record no. 55233)

MARC details
000 -LEADER
fixed length control field 00445nam a2200133Ia 4500
100 ## - MAIN ENTRY--AUTHOR NAME
Personal name Murong Chen
245 #0 - TITLE STATEMENT
Title Causative agents of Hevea brown bast and witches broom and their relationship
260 ## - PUBLICATION, DISTRIBUTION, ETC. (IMPRINT)
Name of publisher In:IRRDB TDP workshop 26-28 July,1994 South China academy of tropical crops Hainan,China
Year of publication 1994
700 ## - ADDED ENTRY--PERSONAL NAME
Personal name Daquan Luo
700 ## - ADDED ENTRY--PERSONAL NAME
Personal name Qingchun Huang
700 ## - ADDED ENTRY--PERSONAL NAME
Personal name Shabing Ye
942 ## - ADDED ENTRY ELEMENTS (KOHA)
Koha item type Journals
Holdings
Withdrawn status Lost status Damaged status Not for loan Home library Current library Date acquired Koha item type
      Journals RRII Library RRII Library 17/12/2021 Journals